Oboe solos with piano accompaniment

Saved in:
Bibliographic Details
Main Author: Arnold, Jay (Author)
Format: Book
Language:English
Published: Nueva York Amsco Music Publishing 1958
Edition:1a. ed
Subjects:
Tags: Add Tag
No Tags, Be the first to tag this record!

MARC

LEADER 00000cam a2200000 a 4500
001 UCC0759
003 CL-VaPUC
008 170831e19580000us |||||||||||||||||eng|d
082 0 4 |a Ob788.52  |b ARN  |2 21 
100 0 |a Arnold, Jay  |e author  |9 594755 
245 1 0 |a Oboe solos with piano accompaniment 
250 |a 1a. ed 
300 |a 112 p 
942 |c BK 
945 |d 20170831 13:14:00  |a arojas 
260 |a Nueva York  |b Amsco Music Publishing  |c 1958 
650 0 |a Partituras  |9 324008 
650 0 |a Música para oboe  |9 594756 
650 0 |a Música para piano  |9 306528 
650 0 |a Ejecución instrumental  |9 416980 
583 |a last modification  |c 20170831 13:14:00  |k Rodrigo Vera 
999 |c 369488  |d 369486 
952 |0 0  |1 0  |3 erb  |4 0  |6 OB_788_520000000000000_ARN_1958  |7 0  |8 ?  |9 485314  |a BIBEDU  |b BIBEDU  |i 5413923  |o Ob788.52 ARN 1958  |p 5413923  |r 2023-11-22  |w 2019-11-24  |y BK  |z Catalogado en:20170831  |k MUS